[Event "ODJM B 2023"]
[Site "Willingen GER"]
[Date "2023.06.03"]
[Round "9"]
[White "Pimenov, Danil"]
[Black "Blome, Johannes"]
[Result "0-1"]
[Termination "normal"]
[Board "1"]
[WhiteElo "1488"]
[BlackElo "1849"]
[WhiteClock "00:44:52"]
[BlackClock "00:58:43"]
[PlyCount "90"]
[WhiteFideId "34600248"]
[BlackFideId "16233972"]
[EventCountry "GER"]
[EventRounds "9"]
[EventType "swiss"]
[EventDate "2023.05.27"]

1. e4 {[%clk 01:30:57]} {[%emt 00:00:03]} Na6 {[%clk 01:30:52]} {[%emt
00:00:08]} 2. d4 {[%clk 01:28:15]} {[%emt 00:03:12]} c6 {[%clk 01:31:11]}
{[%emt 00:00:12]} 3. Nf3 {[%clk 01:27:23]} {[%emt 00:01:21]} d6 {[%clk
01:30:24]} {[%emt 00:01:16]} 4. Bxa6 {[%clk 01:27:12]} {[%emt 00:00:42]} Qa5+
{[%clk 01:30:45]} {[%emt 00:00:09]} 5. Nc3 {[%clk 01:26:31]} {[%emt 00:01:11]}
Qxa6 {[%clk 01:31:05]} {[%emt 00:00:11]} 6. Be3 {[%clk 01:25:50]} {[%emt
00:01:09]} Nf6 {[%clk 01:30:46]} {[%emt 00:00:50]} 7. h3 {[%clk 01:25:02]}
{[%emt 00:01:19]} g6 {[%clk 01:26:17]} {[%emt 00:04:58]} 8. Qd2 {[%clk
01:24:20]} {[%emt 00:01:12]} b5 {[%clk 01:26:07]} {[%emt 00:00:41]} 9. e5
{[%clk 01:22:27]} {[%emt 00:02:22]} b4 {[%clk 01:22:18]} {[%emt 00:04:19]} 10.
exf6 {[%clk 01:22:26]} {[%emt 00:00:31]} bxc3 {[%clk 01:22:38]} {[%emt
00:00:10]} 11. Qxc3 {[%clk 01:22:01]} {[%emt 00:00:55]} exf6 {[%clk 01:22:05]}
{[%emt 00:01:03]} 12. O-O-O {[%clk 01:20:40]} {[%emt 00:01:51]} Bg7 {[%clk
01:16:33]} {[%emt 00:06:02]} 13. Bf4 {[%clk 01:19:37]} {[%emt 00:01:33]} O-O
{[%clk 01:16:17]} {[%emt 00:00:46]} 14. a3 {[%clk 01:11:30]} {[%emt 00:08:38]}
Rd8 {[%clk 01:06:28]} {[%emt 00:10:18]} 15. Nd2 {[%clk 01:08:47]} {[%emt
00:03:13]} f5 {[%clk 01:02:02]} {[%emt 00:04:56]} 16. Qb4 {[%clk 01:04:37]}
{[%emt 00:04:40]} c5 {[%clk 00:53:41]} {[%emt 00:08:51]} 17. dxc5 {[%clk
00:57:53]} {[%emt 00:07:14]} dxc5 {[%clk 00:52:59]} {[%emt 00:01:12]} 18. Qxc5
{[%clk 00:57:09]} {[%emt 00:01:14]} Bb7 {[%clk 00:53:23]} {[%emt 00:00:06]} 19.
f3 {[%clk 00:52:40]} {[%emt 00:04:58]} Rac8 {[%clk 00:53:04]} {[%emt 00:00:50]}
20. Qb4 {[%clk 00:52:00]} {[%emt 00:01:10]} Rd4 {[%clk 00:53:22]} {[%emt
00:00:12]} 21. Qb3 {[%clk 00:43:32]} {[%emt 00:08:58]} Rxf4 {[%clk 00:53:06]}
{[%emt 00:00:46]} 22. Qe3 {[%clk 00:43:11]} {[%emt 00:00:51]} Rd4 {[%clk
00:52:30]} {[%emt 00:01:05]} 23. Nb3 {[%clk 00:42:45]} {[%emt 00:00:57]} Rdc4
{[%clk 00:51:23]} {[%emt 00:01:37]} 24. Nd4 {[%clk 00:41:37]} {[%emt 00:01:38]}
Qb6 {[%clk 00:51:25]} {[%emt 00:00:27]} 25. b3 {[%clk 00:38:33]} {[%emt
00:03:36]} Bxd4 {[%clk 00:51:27]} {[%emt 00:00:28]} 26. Qd3 {[%clk 00:38:33]}
{[%emt 00:00:29]} Rxc2+ {[%clk 00:51:24]} {[%emt 00:00:33]} 27. Qxc2 {[%clk
00:38:56]} {[%emt 00:00:07]} Rxc2+ {[%clk 00:51:50]} {[%emt 00:00:04]} 28. Kxc2
{[%clk 00:39:20]} {[%emt 00:00:06]} Qc5+ {[%clk 00:52:16]} {[%emt 00:00:04]}
29. Kb1 {[%clk 00:39:19]} {[%emt 00:00:31]} Qc3 {[%clk 00:52:40]} {[%emt
00:00:06]} 30. Rxd4 {[%clk 00:39:39]} {[%emt 00:00:10]} Qxd4 {[%clk 00:53:02]}
{[%emt 00:00:08]} 31. Rc1 {[%clk 00:39:56]} {[%emt 00:00:14]} Bd5 {[%clk
00:53:25]} {[%emt 00:00:06]} 32. Rc8+ {[%clk 00:40:17]} {[%emt 00:00:09]} Kg7
{[%clk 00:53:51]} {[%emt 00:00:05]} 33. Kc2 {[%clk 00:40:34]} {[%emt 00:00:12]}
Qf2+ {[%clk 00:54:09]} {[%emt 00:00:12]} 34. Kc3 {[%clk 00:40:51]} {[%emt
00:00:13]} Qxg2 {[%clk 00:54:32]} {[%emt 00:00:07]} 35. Rb8 {[%clk 00:40:59]}
{[%emt 00:00:22]} Qxf3+ {[%clk 00:54:56]} {[%emt 00:00:07]} 36. Kb2 {[%clk
00:41:21]} {[%emt 00:00:07]} Qe2+ {[%clk 00:55:16]} {[%emt 00:00:09]} 37. Kc3
{[%clk 00:41:40]} {[%emt 00:00:12]} Qe5+ {[%clk 00:55:41]} {[%emt 00:00:05]}
38. Kc2 {[%clk 00:42:05]} {[%emt 00:00:05]} Qxb8 {[%clk 00:56:06]} {[%emt
00:00:05]} 39. b4 {[%clk 00:42:33]} {[%emt 00:00:02]} Qg3 {[%clk 00:56:26]}
{[%emt 00:00:10]} 40. h4 {[%clk 00:42:54]} {[%emt 00:00:09]} Bc4 {[%clk
00:56:42]} {[%emt 00:00:14]} 41. h5 {[%clk 00:43:14]} {[%emt 00:00:09]} Qd3+
{[%clk 00:57:06]} {[%emt 00:00:06]} 42. Kc1 {[%clk 00:43:36]} {[%emt 00:00:09]}
Bb3 {[%clk 00:57:29]} {[%emt 00:00:07]} 43. h6+ {[%clk 00:43:59]} {[%emt
00:00:07]} Kxh6 {[%clk 00:57:53]} {[%emt 00:00:06]} 44. Kb2 {[%clk 00:44:26]}
{[%emt 00:00:03]} Qc2+ {[%clk 00:58:17]} {[%emt 00:00:06]} 45. Ka1 {[%clk
00:44:52]} {[%emt 00:00:04]} Qa2# {[%clk 00:58:43]} {[%emt 00:00:04]} 0-1

[Event "ODJM B 2023"]
[Site "Willingen GER"]
[Date "2023.06.03"]
[Round "9"]
[White "Weyerer, Noah"]
[Black "Khudagulyan, Xoren"]
[Result "1-0"]
[Termination "normal"]
[Board "2"]
[WhiteElo "1677"]
[BlackElo "1698"]
[WhiteClock "00:57:02"]
[BlackClock "00:45:47"]
[PlyCount "110"]
[WhiteFideId "16250664"]
[BlackFideId "34618945"]
[EventCountry "GER"]
[EventRounds "9"]
[EventType "swiss"]
[EventDate "2023.05.27"]

1. c4 {[%clk 01:30:58]} {[%emt 00:00:01]} Nf6 {[%clk 01:30:56]} {[%emt
00:00:04]} 2. Nc3 {[%clk 01:31:18]} {[%emt 00:00:10]} e6 {[%clk 01:31:22]}
{[%emt 00:00:05]} 3. e4 {[%clk 01:31:39]} {[%emt 00:00:08]} d5 {[%clk
01:31:48]} {[%emt 00:00:05]} 4. e5 {[%clk 01:31:55]} {[%emt 00:00:13]} d4
{[%clk 01:32:13]} {[%emt 00:00:05]} 5. exf6 {[%clk 01:32:18]} {[%emt 00:00:07]}
dxc3 {[%clk 01:32:40]} {[%emt 00:00:03]} 6. bxc3 {[%clk 01:32:25]} {[%emt
00:00:24]} Qxf6 {[%clk 01:32:35]} {[%emt 00:00:35]} 7. d4 {[%clk 01:32:06]}
{[%emt 00:00:48]} c5 {[%clk 01:31:29]} {[%emt 00:01:37]} 8. Nf3 {[%clk
01:31:52]} {[%emt 00:00:43]} h6 {[%clk 01:25:38]} {[%emt 00:06:22]} 9. Be2
{[%clk 01:30:22]} {[%emt 00:02:00]} Be7 {[%clk 01:22:09]} {[%emt 00:03:58]} 10.
O-O {[%clk 01:29:38]} {[%emt 00:01:14]} O-O {[%clk 01:22:28]} {[%emt 00:00:12]}
11. Be3 {[%clk 01:25:12]} {[%emt 00:04:55]} Nd7 {[%clk 01:17:32]} {[%emt
00:05:27]} 12. Nd2 {[%clk 01:23:51]} {[%emt 00:01:50]} b6 {[%clk 01:08:26]}
{[%emt 00:09:37]} 13. Bf3 {[%clk 01:21:53]} {[%emt 00:02:27]} Rb8 {[%clk
01:08:52]} {[%emt 00:00:04]} 14. Ne4 {[%clk 01:21:27]} {[%emt 00:00:56]} Qf5
{[%clk 01:06:36]} {[%emt 00:02:45]} 15. Ng3 {[%clk 01:20:56]} {[%emt 00:01:02]}
Qf6 {[%clk 01:03:58]} {[%emt 00:03:08]} 16. Qc2 {[%clk 01:18:59]} {[%emt
00:02:27]} Bb7 {[%clk 00:58:59]} {[%emt 00:05:30]} 17. Bxb7 {[%clk 01:16:58]}
{[%emt 00:02:30]} Rxb7 {[%clk 00:59:28]} {[%emt 00:00:02]} 18. Qe4 {[%clk
01:16:36]} {[%emt 00:00:51]} Rbb8 {[%clk 00:52:12]} {[%emt 00:07:46]} 19. Nh5
{[%clk 01:15:08]} {[%emt 00:01:58]} Qf5 {[%clk 00:50:45]} {[%emt 00:01:57]} 20.
Qxf5 {[%clk 01:15:28]} {[%emt 00:00:10]} exf5 {[%clk 00:51:15]} 21. Ng3 {[%clk
01:15:37]} {[%emt 00:00:22]} f4 {[%clk 00:40:20]} {[%emt 00:11:25]} 22. Bxf4
{[%clk 01:15:48]} {[%emt 00:00:18]} Rbc8 {[%clk 00:40:45]} {[%emt 00:00:05]}
23. Rac1 {[%clk 01:13:45]} {[%emt 00:02:33]} g5 {[%clk 00:39:13]} {[%emt
00:02:02]} 24. Nf5 {[%clk 01:11:13]} {[%emt 00:03:02]} Bf6 {[%clk 00:39:22]}
{[%emt 00:00:21]} 25. Bd6 {[%clk 01:11:03]} {[%emt 00:00:40]} Rfe8 {[%clk
00:39:31]} {[%emt 00:00:21]} 26. Nxh6+ {[%clk 01:11:10]} {[%emt 00:00:23]} Kh7
{[%clk 00:39:04]} {[%emt 00:00:58]} 27. Nxf7 {[%clk 01:07:59]} {[%emt
00:03:40]} Kg6 {[%clk 00:39:23]} {[%emt 00:00:11]} 28. Ne5+ {[%clk 01:08:19]}
{[%emt 00:00:11]} Bxe5 {[%clk 00:39:42]} {[%emt 00:00:11]} 29. Bxe5 {[%clk
01:08:23]} {[%emt 00:00:26]} Nxe5 {[%clk 00:40:11]} 30. dxe5 {[%clk 01:08:43]}
{[%emt 00:00:09]} Rxe5 {[%clk 00:40:40]} 31. Rfe1 {[%clk 01:08:30]} {[%emt
00:00:44]} Rce8 {[%clk 00:41:03]} {[%emt 00:00:07]} 32. Kf1 {[%clk 01:08:15]}
{[%emt 00:00:45]} Re4 {[%clk 00:40:46]} {[%emt 00:00:47]} 33. f3 {[%clk
01:08:30]} {[%emt 00:00:15]} R4e7 {[%clk 00:40:21]} {[%emt 00:00:55]} 34. Rxe7
{[%clk 01:08:23]} {[%emt 00:00:37]} Rxe7 {[%clk 00:40:50]} 35. Re1 {[%clk
01:08:41]} {[%emt 00:00:12]} Rd7 {[%clk 00:40:35]} {[%emt 00:00:46]} 36. Ke2
{[%clk 01:09:04]} {[%emt 00:00:06]} Kf5 {[%clk 00:40:52]} {[%emt 00:00:13]} 37.
Rd1 {[%clk 01:09:03]} {[%emt 00:00:31]} Rh7 {[%clk 00:41:06]} {[%emt 00:00:16]}
38. h3 {[%clk 01:08:40]} {[%emt 00:00:52]} Rh4 {[%clk 00:40:48]} {[%emt
00:00:48]} 39. Rd5+ {[%clk 01:07:01]} {[%emt 00:02:09]} Kf6 {[%clk 00:41:11]}
{[%emt 00:00:08]} 40. Kd3 {[%clk 01:04:31]} {[%emt 00:03:00]} Rh7 {[%clk
00:41:33]} {[%emt 00:00:08]} 41. a4 {[%clk 01:03:00]} {[%emt 00:02:01]} Rg7
{[%clk 00:41:46]} {[%emt 00:00:16]} 42. a5 {[%clk 01:01:06]} {[%emt 00:02:25]}
Ke6 {[%clk 00:42:14]} {[%emt 00:00:03]} 43. a6 {[%clk 00:56:17]} {[%emt
00:05:18]} Rg8 {[%clk 00:41:17]} {[%emt 00:01:26]} 44. Ke4 {[%clk 00:55:14]}
{[%emt 00:01:33]} Rg7 {[%clk 00:41:37]} {[%emt 00:00:10]} 45. Rd8 {[%clk
00:54:31]} {[%emt 00:01:13]} Ke7 {[%clk 00:41:45]} {[%emt 00:00:23]} 46. Rb8
{[%clk 00:54:29]} {[%emt 00:00:32]} Kd6 {[%clk 00:42:09]} {[%emt 00:00:06]} 47.
Rb7 {[%clk 00:54:07]} {[%emt 00:00:51]} Rxb7 {[%clk 00:42:37]} {[%emt
00:00:03]} 48. axb7 {[%clk 00:54:30]} {[%emt 00:00:07]} Kc7 {[%clk 00:43:05]}
{[%emt 00:00:02]} 49. g3 {[%clk 00:54:47]} {[%emt 00:00:13]} Kxb7 {[%clk
00:43:23]} {[%emt 00:00:11]} 50. h4 {[%clk 00:55:12]} {[%emt 00:00:06]} gxh4
{[%clk 00:43:44]} {[%emt 00:00:09]} 51. gxh4 {[%clk 00:55:37]} {[%emt
00:00:04]} a5 {[%clk 00:44:13]} {[%emt 00:00:02]} 52. h5 {[%clk 00:55:51]}
{[%emt 00:00:16]} a4 {[%clk 00:44:39]} {[%emt 00:00:04]} 53. Kd3 {[%clk
00:56:16]} {[%emt 00:00:05]} Kc7 {[%clk 00:45:04]} {[%emt 00:00:06]} 54. h6
{[%clk 00:56:41]} {[%emt 00:00:04]} b5 {[%clk 00:45:21]} {[%emt 00:00:13]} 55.
cxb5 {[%clk 00:57:02]} {[%emt 00:00:09]} c4+ {[%clk 00:45:47]} {[%emt
00:00:04]} 1-0

[Event "ODJM B 2023"]
[Site "Willingen GER"]
[Date "2023.06.03"]
[Round "9"]
[White "Werner, Florin"]
[Black "Andrade, Ruben"]
[Result "0-1"]
[Termination "normal"]
[Board "3"]
[WhiteElo "1678"]
[BlackElo "1753"]
[WhiteClock "00:09:32"]
[BlackClock "00:22:43"]
[PlyCount "60"]
[WhiteFideId "16250230"]
[BlackFideId "16246829"]
[EventCountry "GER"]
[EventRounds "9"]
[EventType "swiss"]
[EventDate "2023.05.27"]

1. e4 {[%clk 01:30:57]} {[%emt 00:00:03]} e5 {[%clk 01:30:58]} {[%emt
00:00:03]} 2. Nf3 {[%clk 01:31:18]} {[%emt 00:00:08]} Nc6 {[%clk 01:31:24]}
{[%emt 00:00:04]} 3. Bb5 {[%clk 01:31:43]} {[%emt 00:00:05]} f5 {[%clk
01:31:50]} {[%emt 00:00:04]} 4. d3 {[%clk 01:32:09]} {[%emt 00:00:04]} fxe4
{[%clk 01:32:15]} {[%emt 00:00:04]} 5. dxe4 {[%clk 01:32:38]} {[%emt 00:00:02]}
Nf6 {[%clk 01:32:29]} {[%emt 00:00:16]} 6. O-O {[%clk 01:32:01]} {[%emt
00:01:07]} Bc5 {[%clk 01:32:38]} {[%emt 00:00:21]} 7. Bxc6 {[%clk 01:30:01]}
{[%emt 00:02:30]} bxc6 {[%clk 01:33:04]} {[%emt 00:00:04]} 8. Nxe5 {[%clk
01:30:17]} {[%emt 00:00:13]} O-O {[%clk 01:33:23]} {[%emt 00:00:11]} 9. Bg5
{[%clk 01:16:43]} {[%emt 00:14:05]} d6 {[%clk 01:16:07]} {[%emt 00:17:46]} 10.
Nd3 {[%clk 01:10:25]} {[%emt 00:06:47]} Bb6 {[%clk 01:15:54]} {[%emt 00:00:43]}
11. Nd2 {[%clk 01:06:59]} {[%emt 00:03:56]} h6 {[%clk 01:05:19]} {[%emt
00:11:06]} 12. Bh4 {[%clk 01:04:45]} {[%emt 00:02:44]} g5 {[%clk 01:02:25]}
{[%emt 00:03:24]} 13. Bg3 {[%clk 01:04:46]} {[%emt 00:00:29]} Bg4 {[%clk
01:01:25]} {[%emt 00:01:30]} 14. Qc1 {[%clk 00:58:37]} {[%emt 00:06:39]} Nh5
{[%clk 00:55:48]} {[%emt 00:06:06]} 15. Qe1 {[%clk 00:44:37]} {[%emt 00:14:31]}
Nxg3 {[%clk 00:52:31]} {[%emt 00:03:48]} 16. hxg3 {[%clk 00:45:00]} {[%emt
00:00:06]} d5 {[%clk 00:52:06]} {[%emt 00:00:54]} 17. Kh2 {[%clk 00:42:13]}
{[%emt 00:03:17]} Qe8 {[%clk 00:51:26]} {[%emt 00:01:10]} 18. Rh1 {[%clk
00:28:59]} {[%emt 00:13:44]} Qg6 {[%clk 00:38:49]} {[%emt 00:13:07]} 19. a4
{[%clk 00:24:18]} {[%emt 00:05:12]} a5 {[%clk 00:35:50]} {[%emt 00:03:28]} 20.
Kg1 {[%clk 00:21:26]} {[%emt 00:03:23]} Rae8 {[%clk 00:33:34]} {[%emt
00:02:46]} 21. e5 {[%clk 00:16:58]} {[%emt 00:04:57]} Bf5 {[%clk 00:29:48]}
{[%emt 00:04:16]} 22. Nf3 {[%clk 00:15:06]} {[%emt 00:02:23]} Bxd3 {[%clk
00:28:12]} {[%emt 00:02:06]} 23. cxd3 {[%clk 00:15:29]} {[%emt 00:00:07]} g4
{[%clk 00:27:58]} {[%emt 00:00:43]} 24. Nh4 {[%clk 00:14:40]} {[%emt 00:01:20]}
Qg5 {[%clk 00:23:37]} {[%emt 00:04:51]} 25. Qc1 {[%clk 00:12:19]} {[%emt
00:02:51]} Bxf2+ {[%clk 00:23:45]} {[%emt 00:00:23]} 26. Kh2 {[%clk 00:12:43]}
{[%emt 00:00:04]} Qxe5 {[%clk 00:22:07]} {[%emt 00:02:08]} 27. Qf4 {[%clk
00:08:11]} {[%emt 00:05:02]} Rxf4 {[%clk 00:22:19]} 28. Ng6 {[%clk 00:08:37]}
{[%emt 00:00:22]} Bxg3+ {[%clk 00:21:58]} {[%emt 00:00:51]} 29. Kxg3 {[%clk
00:09:04]} {[%emt 00:00:03]} Rf3+ {[%clk 00:22:21]} {[%emt 00:00:07]} 30. Kh4
{[%clk 00:09:32]} {[%emt 00:00:02]} Qg5# {[%clk 00:22:43]} {[%emt 00:00:08]}
0-1

[Event "ODJM B 2023"]
[Site "Willingen GER"]
[Date "2023.06.03"]
[Round "9"]
[White "Storm, Max"]
[Black "Friemel, Tim"]
[Result "1-0"]
[Termination "normal"]
[Board "4"]
[WhiteElo "1703"]
[BlackElo "1692"]
[WhiteClock "00:11:14"]
[BlackClock "00:04:29"]
[PlyCount "65"]
[WhiteFideId "34625658"]
[BlackFideId "34607021"]
[EventCountry "GER"]
[EventRounds "9"]
[EventType "swiss"]
[EventDate "2023.05.27"]

1. e4 {[%clk 01:30:57]} {[%emt 00:00:02]} c6 {[%clk 01:30:27]} {[%emt
00:00:33]} 2. d4 {[%clk 01:31:23]} {[%emt 00:00:05]} d5 {[%clk 01:30:52]}
{[%emt 00:00:05]} 3. f3 {[%clk 01:31:49]} {[%emt 00:00:04]} Qb6 {[%clk
01:30:28]} {[%emt 00:00:54]} 4. a4 {[%clk 01:31:54]} {[%emt 00:00:25]} a5
{[%clk 01:27:56]} {[%emt 00:03:02]} 5. exd5 {[%clk 01:32:03]} {[%emt 00:00:20]}
cxd5 {[%clk 01:27:47]} {[%emt 00:00:39]} 6. Nc3 {[%clk 01:30:14]} {[%emt
00:02:19]} e6 {[%clk 01:25:56]} {[%emt 00:02:21]} 7. Nb5 {[%clk 01:28:34]}
{[%emt 00:02:10]} Na6 {[%clk 01:24:27]} {[%emt 00:02:00]} 8. Bf4 {[%clk
01:27:16]} {[%emt 00:01:47]} Be7 {[%clk 01:20:44]} {[%emt 00:04:13]} 9. Bd3
{[%clk 01:19:17]} {[%emt 00:08:30]} Nf6 {[%clk 01:17:23]} {[%emt 00:03:50]} 10.
Ne2 {[%clk 01:14:21]} {[%emt 00:05:26]} Bd7 {[%clk 01:11:28]} {[%emt 00:06:26]}
11. c3 {[%clk 01:09:45]} {[%emt 00:05:05]} Rc8 {[%clk 01:03:21]} {[%emt
00:08:37]} 12. Qb3 {[%clk 01:03:54]} {[%emt 00:06:20]} Rc6 {[%clk 00:59:46]}
{[%emt 00:04:05]} 13. g4 {[%clk 01:00:33]} {[%emt 00:03:52]} h6 {[%clk
00:54:45]} {[%emt 00:05:31]} 14. h4 {[%clk 00:59:15]} {[%emt 00:01:48]} Kd8
{[%clk 00:49:57]} {[%emt 00:05:18]} 15. Qd1 {[%clk 00:50:48]} {[%emt 00:08:56]}
Ne8 {[%clk 00:46:39]} {[%emt 00:03:48]} 16. Kf2 {[%clk 00:46:27]} {[%emt
00:04:51]} Nd6 {[%clk 00:45:16]} {[%emt 00:01:54]} 17. Kg2 {[%clk 00:43:25]}
{[%emt 00:03:32]} g6 {[%clk 00:42:38]} {[%emt 00:03:08]} 18. Nc1 {[%clk
00:39:38]} {[%emt 00:04:16]} Nc4 {[%clk 00:36:04]} {[%emt 00:07:05]} 19. Qe2
{[%clk 00:38:15]} {[%emt 00:01:53]} Bd6 {[%clk 00:33:17]} {[%emt 00:03:18]} 20.
Bxd6 {[%clk 00:31:15]} {[%emt 00:07:29]} Nxd6 {[%clk 00:32:59]} {[%emt
00:00:48]} 21. b4 {[%clk 00:29:23]} {[%emt 00:02:22]} Nc4 {[%clk 00:31:59]}
{[%emt 00:01:31]} 22. Bxc4 {[%clk 00:27:29]} {[%emt 00:02:24]} Rxc4 {[%clk
00:29:32]} {[%emt 00:02:57]} 23. Qe5 {[%clk 00:27:08]} {[%emt 00:00:50]} Rh7
{[%clk 00:27:39]} {[%emt 00:02:23]} 24. Nd6 {[%clk 00:23:27]} {[%emt 00:04:11]}
Rxc3 {[%clk 00:21:23]} {[%emt 00:06:47]} 25. Qf6+ {[%clk 00:22:48]} {[%emt
00:01:08]} Kc7 {[%clk 00:21:40]} {[%emt 00:00:14]} 26. Ne2 {[%clk 00:21:09]}
{[%emt 00:02:08]} Re3 {[%clk 00:19:16]} {[%emt 00:02:54]} 27. Rac1+ {[%clk
00:19:08]} {[%emt 00:02:31]} Kb8 {[%clk 00:18:43]} {[%emt 00:01:04]} 28. Qe7
{[%clk 00:12:13]} {[%emt 00:07:24]} Rxe2+ {[%clk 00:10:38]} {[%emt 00:08:35]}
29. Kh3 {[%clk 00:12:42]} Nxb4 {[%clk 00:07:14]} {[%emt 00:03:54]} 30. Qxd7
{[%clk 00:11:17]} {[%emt 00:01:55]} Rh8 {[%clk 00:06:08]} {[%emt 00:01:37]} 31.
Rc8+ {[%clk 00:10:31]} {[%emt 00:01:16]} Rxc8 {[%clk 00:06:28]} {[%emt
00:00:10]} 32. Qxc8+ {[%clk 00:10:53]} {[%emt 00:00:07]} Ka7 {[%clk 00:04:29]}
{[%emt 00:02:30]} 33. Nb5+ {[%clk 00:11:14]} {[%emt 00:00:08]} 1-0